Effect of Behaviour Change Communication on Pre-Hypertensive and Hypertensive Married Women Aged 18-59 Years Regarding Hypertension & its Modifiable Risk Factors in an Urban Area of Delhi. (Record no. 1851805)

MARC details
000 -LEADER
fixed length control field 00992nam a2200361Ia 4500
005 - DATE AND TIME OF LATEST TRANSACTION
control field 20260514124408.0
008 - FIXED-LENGTH DATA ELEMENTS--GENERAL INFORMATION
fixed length control field 008 261405s9999 xx 000 0 eng d
037 ## -
-- Thesis
040 ## - CATALOGING SOURCE
-- CRL
040 ## - CATALOGING SOURCE
Language of cataloging eng
040 ## - CATALOGING SOURCE
Transcribing agency CRL
041 ## - LANGUAGE CODE
Language code of text eng
084 ## - COLON CLASSIFICATION NUMBER
-- CRL
100 ## - MAIN ENTRY--PERSONAL NAME
Student/researcher name Meena Dr.Disha
245 #0 - TITLE STATEMENT
Title Effect of Behaviour Change Communication on Pre-Hypertensive and Hypertensive Married Women Aged 18-59 Years Regarding Hypertension & its Modifiable Risk Factors in an Urban Area of Delhi.
260 ## - PUBLICATION, DISTRIBUTION, ETC.
Place of publication, distribution, etc. Delhi
260 ## - PUBLICATION, DISTRIBUTION, ETC.
Name of publisher, distributor, etc. University of Delhi
260 ## - PUBLICATION, DISTRIBUTION, ETC.
Date of publication, distribution, etc. 2016
300 ## - PHYSICAL DESCRIPTION
Extent 99p.
502 ## - Thesis Note
Degree type Ph.D.
502 ## - Thesis Note
Name of granting institution University of Delhi
502 ## - Thesis Note
Year degree granted 2016
650 ## - SUBJECT ADDED ENTRY--TOPICAL TERM
LCSH or local subjects Medicine
700 ## - ADDED ENTRY--PERSONAL NAME
Supervisor / Guide name Dr.M.M.Singh
700 ## - ADDED ENTRY--PERSONAL NAME
Supervisor / Guide name Dr.R.S.Ahlawat
700 ## - ADDED ENTRY--PERSONAL NAME
Supervisor / Guide name Dr.S.V.Singh,
700 ## - ADDED ENTRY--PERSONAL NAME
Supervisor / Guide name Dr.V.K.Gupta,
942 ## - ADDED ENTRY ELEMENTS (KOHA)
Koha item type Thesis
100 ## - MAIN ENTRY--PERSONAL NAME
-- 1239805
541 ## - IMMEDIATE SOURCE OF ACQUISITION NOTE
-- Thesis
700 ## - ADDED ENTRY--PERSONAL NAME
-- 1239806
700 ## - ADDED ENTRY--PERSONAL NAME
-- 1239807
700 ## - ADDED ENTRY--PERSONAL NAME
-- 1239808
700 ## - ADDED ENTRY--PERSONAL NAME
-- 1239688
999 ## -
-- 1851805
-- 1851805
Holdings
Withdrawn status Lost status Not for loan Home library Current library Date acquired Accession Number Koha item type
      Central Library Central Library 2026-05-14 TH0027948 Thesis
Copyright @ Delhi University Library System